1592 1330 1085 1482 1404 1728 1314 1361 1231 1664 1987 1575 1222 1614 1086 1785 1471 1680 1963 1655 1042 1346 1089 1976 1666 1371 1788 1170 1019 1809 1795 1784 1709 1823 1625 1038 1860 1024 1091 1270 1639 1410 1588 1437 1364 1713 1839 1425 1961 1218 1724 1253 1641 1533 1278 1490 1446 1344 1481 1641 1026 1004 1852 1411 1676 1397 1886 1985 1930 1258 1321 1124 1649 1801 1249 1976 1796 1140 1408 1459 1180 1485 1507 1593 1987 1644 1600 1073 1236 1379 1316 1761 1333 1759 1452 1827 1074 1700 1782 BCNSPRNW ULIB Ver.6.0+V

เปลี่ยนเป็นภาษาไทย

Change to English
 แสดงรายละเอียดบรรณานุกรม
  กลับหน้าหลัก

Brief Record : Get Marc (ISO 2709) : E-mail record : QR code < ปิดหน้าต่าง
LEADER : 00000nam 2200000uu 4500
001    13399107902
003     ULIB
008    110209s2551||||th 000 0 tha d
020    9741103867
020    9789741103867
060 04 WP100^bน263 2551
245 00 นรีเวชวิทยา =^bGynecology /^cบรรณาธิการ, สมบูรณ์ คุณาธิคม... [และคนอื่นๆ]
246 31 Gynecology
250    พิมพ์ครั้งที่ 2
260    กรุงเทพฯ :^bภาควิชาสูติศาสตร์-นรีเวชวิทยาคณะแพทยศาสตร์ศิริราชพยาบาล มหาวิทยาลัยมหิดล,^c2551
300    464 หน้า :^bภาพประกอบ ;^c30 ซม.
650  7 นรีเวชวิทยา
700 0  สมบูรณ์ คุณาธิคม,^eบรรณาธิการ
945    ^p300^l0^i024746
945    ^p300^l0^i024717
995    ทศพร
999 ^a ใช้งานได้ทุกระบบ
รายการนี้ยังไม่มีแท็ก
คุณยังไม่ได้ล็อกอิน คุณสามารถมีกิจกรรมร่วมกับเว็บไซต์ได้ แต่ต้องล็อกอินก่อน ::
  ล็อกอิน

รายการสื่อสารสนเทศ

ลำดับที่ ประเภท เลขเรียก/บาร์โค้ด สถานที่ สถานะ
- ไม่พบข้อมูล -

รายการใกล้เคียง
    หัวเรื่อง [นรีเวชวิทยา]

BibComment


ยังไม่เคยถูกคอมเมนท์

คอมเมนท์ทรัพยากรรายการนี้
  คอมเมนท์: นรีเวชวิทยา Gyne..


 Copyright 2026. Bcnsprnw @Library